000 04393nam a2200361 a 4500
003 CHAP
005 20260128122311.0
008 260126s1979 us ad r 00010 eng d
020 _a978-0-306-40168-8
040 _cCHAP
041 _aeng
_bspa
_feng
_heng
082 _aPA 581.2
_b.B37
100 0 0 _aBarnes, Ervin H.
_910247
245 _aAtlas and manual of plant pathology /
_cErvin H. Barnes
260 _aNew York :
_bAppleton-Century-Crofts,
_c1968
264 _aNew York, London
_bPlenum Press,
_c1979
300 _a325 paginas :
_bilustraciones, gráficas
500 _a"Excepto por la corrección de algunos errores de imprenta menores, una republicación sustancialmente sin cambios de la edición publicada por Appleton-Century-Crofts en 1968."
505 _a1. Definitions.-- 2. Interpretation of Microscope Observations.-- 3. Principle of Sterile Thechnique: Experiment, I. Application of Sterile Technique, Experiment II Media Preparation.-- 4. Bacterial Diseases.-- 5. Bacterial Soft Rot: Experiment III. The Germ Teory of Disease, Experiment IV. Examination of Diseased Tissues, Experiment V. Isolation of Bacteria, Experiment VI. Koch´s Postulates, Experimet VII. I noculum Potential: An Epidemiological Factor, Experimet VIII. Pathogenesis: Tissue Maceration, by Pectic Enzymes, Experimet IX. Dispersal by Rain. .-- 6. Fireblight of Apple and Pear.-- Common Bacteial Blight of Bean.-- 7. Common Bacterial Blight of Bean.-- 8. Bacterial Wilt of Cucumber.-- Crown Gall: Experiment X. Crown Gall.-- 10. Root Nodules of Legumes.-- 10. Virus Diseases.-- 12. Tobacco Mosaic.-- 13. Potato Latent Mosaic, Experimet XI. Biological Properties of Viruses-Local and Systemic, Experiment XII. Biological Properties of Viruses-Synergism, 103, Experiment XIII. Pysical Properties of Viruses, 105.-- 14. Aster Yellows.-- The Fingi.-- 15. The Fungi.-- 16. Club Root of Cabbage.-- 17. The Oomycetes.-- 18. Late Blight of Potato.-- 19. The Downy Mildews.-- 20. White Rusts of Crucifers.-- 21. The Zygomycetes.-- 22. Damping-Off: Experimet XIV. Damping off: Inoculum Potential, 146.-- 23. The Ascomycetes.-- 24. Peach Leaf Curl.-- 25. Dutch Elm Disease.-- 26. Powdery Mildews.-- Hypoxylon Canker.-- 28. Ergot of Grain.-- 29. Black Leaf Spot of Elm.-- 30. Sycamore Anthracnose.-- 31. Beech Bark Disease-Complex.-- 32. Tar Spot of Maple.-- 33. Sclerotinia Diseases.-- 34. Brown Rot of Stone Fruits: Experiment XV. Brown Rot of Stone Fruits: Inoculation and Isolation, 207.-- 35. Black Rot of Grape.-- 36. Black Knot of Plum and Cherry.-- 37. Apple Scab.-- 38. The Deuteromycetes: (The Fungi Imperfecti).-- 39. Alternaria Diseases.-- 40. Botrytis Diseases.-- 41. Fusarium Diseases: Experiment XVI. FISARIUM Wilt of Tomato: Isolation and Observation, 238, Experiment XVII. FISARIYM Wilt of Tomato: Effect on Transpiration, 240.-- 42. Verticillium Wit.-- 43. Anthracnose.-- 44. The Basidiomycetes.-- 45. The Rusts.-- 46. Stem Rusts of Wheat.-- 47. Hollyhock Rust.-- 48. Cedar-Apple Rust.-- 49. Wite Pine Blister Rust.-- 50. Needle Rusts.-- 51. The Smut Disease: Experiment XVIII. Oat Smut: Germination, 291.-- 52. Wood Rots-- 53. Mistletoes.-- 54. Dodder (Cuscuta).-- 55. Nematodes: (Eelworms).-- Index.
520 _aEl Atlas de Barnes contiene una excelente combinación de los aspectos diagnósticos y experimentales de la fitopatología. Su tratamiento individual de cada enfermedad permite al profesor omitir algunos patógenos sin alterar la continuidad del libro. Mi curso de un semestre de Patología Forestal es principalmente descriptivo. Se hace especial hincapié en el reconocimiento de síntomas y signos en el campo. Esto se ve facilitado por la técnica de Barnes. En una secuencia de fotografías, la planta o parte enferma se observa primero en su conjunto para mostrar los síntomas generales. A esto suele seguir un primer plano de los signos.
590 _aBATCH-UPD
_b10
_c20130110
590 _aBATCH-UPD
_b10
_c20130110
590 _aBATCH-UPD
_b10
_c20130410
590 _aBATCH-UPD
_b10
_c20130914
590 _aCONVERSION
_b10
_c20130109
650 1 0 _aPatología Vegetal
_vAtlas
_9191568
650 1 0 _aPatología Vegetal
_vManual
_9191569
700 _aPilley, Paul G.,
_eprologuista
_9191573
700 _aColeman, Philip G.,
_eilustrador
_9191575
901 _aBK
942 _cLIBRO
_2ddc
949 _a632.084 B3
_bBC
_cC
_d33724002201397
_eLIBRO
_h27642
_i83746
_si
999 _c233140
_d233140